000 00845cam a2200301 i 4500
999 _c9904
_d9904
001 9904
003 BD-JhCC
005 20180403121852.0
008 180403s1980 nyua b 001 0 eng
020 _a0023574003
035 _a(BD-JhCC)9904
040 _aDLC
_cDLC
_dDLC
041 _aeng
050 0 0 _aHD82
_b.G39
082 0 0 _a330.9
_bGEO 1980
245 0 0 _aGeography and development :
_ba world regional approach /
_cJemes S. Fisher
250 _a3rd ed.
260 _aNew York :
_bMacmillan,
_cc1980.
300 _axviii, 711 p. :
_bill. ;
_c24 cm.
504 _aIncludes bibliographies and index.
650 0 _aEconomic development.
650 0 _aEconomic history.
650 0 _aEconomic geography.
651 0 _aDeveloping countries
_xEconomic conditions.
700 _aFisher, Jemes S.
942 _2ddc
_cBK